Slepičí polévka pro duši : o andělech mezi námi : 101 pravdivých příběhů ze života - o podivuhodných setkáních, zázracích a vyslyšených modlitbách /

Hlavní autor: Canfield, Jack, 1944-
Další autoři: Hansen, Mark Victor, 1947-, Newmark, Amy
Jazyk: Čeština
Vydáno: Praha : Práh, 2013
Vydání: Vyd. 1.
Témata:
Externí odkaz: Digitalizovaný dokument
Fyzický popis: 321 s. ; 22 cm
Knihy
Uloženo v:
LEADER 02423nam a2200613 a 4500
001 nkc20132510183
003 CZ PrNK
005 20161102235011.0
007 ta
008 131030s2013 xr g 000 jacze
015 |a cnb002510183 
020 |a 978-80-7252-482-2  |q (váz.) 
035 |a (OCoLC)872338194 
040 |a OLA001  |b cze  |d ABA001 
041 1 |a cze  |h eng 
072 7 |a 13  |x Filozofie ducha  |2 Konspekt  |9 5 
080 |a 2-167.4  |2 MRF 
080 |a 130.1/.3  |2 MRF 
080 |a 133.3  |2 MRF 
080 |a 614.88  |2 MRF 
080 |a 2-145.55  |2 MRF 
080 |a (0:82-32)  |2 MRF 
080 |a (0:82-94)  |2 MRF 
100 1 |a Canfield, Jack,  |d 1944-  |7 jn20000601120  |4 aut  |4 com 
245 1 0 |a Slepičí polévka pro duši :  |b o andělech mezi námi : 101 pravdivých příběhů ze života - o podivuhodných setkáních, zázracích a vyslyšených modlitbách /  |c Jack Canfield, Mark Victor Hansen, Amy Newmarková ; [z anglického originálu přeložila Bronislava Bartoňová] 
246 3 0 |a O andělech mezi námi 
250 |a Vyd. 1. 
260 |a Praha :  |b Práh,  |c 2013 
300 |a 321 s. ;  |c 22 cm 
650 0 7 |a andělé strážní  |7 ph117036  |2 czenas 
650 0 7 |a duchovní zkušenosti  |7 ph547723  |2 czenas 
650 0 7 |a mimosmyslové vnímání  |7 ph122878  |2 czenas 
650 0 7 |a záchrana lidského života  |7 ph127716  |2 czenas 
650 0 7 |a zázraky  |7 ph116811  |2 czenas 
650 0 9 |a guardian angels  |2 eczenas 
650 0 9 |a spiritual experiences  |2 eczenas 
650 0 9 |a extrasensual perception  |2 eczenas 
650 0 9 |a lifesaving  |2 eczenas 
650 0 9 |a miracles  |2 eczenas 
655 7 |a příběhy  |7 fd133204  |2 czenas 
655 7 |a vzpomínky  |7 fd133830  |2 czenas 
655 9 |a stories  |2 eczenas 
655 9 |a reminiscences  |2 eczenas 
700 1 |a Hansen, Mark Victor,  |d 1947-  |7 jn20001005307  |4 aut  |4 com 
700 1 |a Newmark, Amy  |7 xx0127662  |4 aut  |4 com 
765 0 |t Chicken soup for the soul angels among us  |9 Česky 
765 1 |t Angels among us  |9 Česky 
856 4 1 |u http://www.digitalniknihovna.cz/mzk/uuid/uuid:e4800000-9b58-11e6-9325-005056827e52  |y Digitalizovaný dokument  |x NDK 
910 2 |a BOA001  |b 2-1319.127 
990 |a BK 
995 |a 01 
991 |b 201402  |c NOV  |e n 
996 6 |b 2610577698  |c 2-1319.127  |l MZK  |r Sklad / do 1 hodiny  |n 0  |p p.v.  |w 001396013  |u 000010  |a 1  |e BOA001  |j MZK50  |s P 
996 7 |b 2610604553  |c 2-1319.127  |l Vol.výběr  |r VV 0p  |n 35  |p dar  |h 133 CAN  |w 001396013  |u 000020  |a 0  |e BOA001  |j MZK50  |s A